New approach to obtaining and classification of dilaton-Maxwell gravity solutions /
محفوظ في:
| المؤلف الرئيسي: | |
|---|---|
| التنسيق: | أطروحة كتاب |
| اللغة: | English |
| منشور في: |
2003.
|
| الموضوعات: | |
| الوسوم: |
إضافة وسم
لا توجد وسوم, كن أول من يضع وسما على هذه التسجيلة!
|
| LEADER | 00839cam a2200217 a 4500 | ||
|---|---|---|---|
| 001 | u696111 | ||
| 003 | SIRSI | ||
| 008 | 040426s2003 si a v 00 10 eng m | ||
| 035 | |a ADB-3256 | ||
| 040 | |a UMM | ||
| 090 | |a QC3 |b NUSP 2003 Zlo | ||
| 100 | 1 | 0 | |a Zloschastyev, Kostyantyn. |
| 245 | 1 | 0 | |a New approach to obtaining and classification of dilaton-Maxwell gravity solutions / |c Kostyantyn Zloschastyev. |
| 260 | |c 2003. | ||
| 300 | |a vii, 100 leaves : |b ill. ; |c 30 cm. | ||
| 502 | |a Thesis (Ph.D.) -- Dept. of Physics, Faculty of Science, National University of Singapore, 2003. | ||
| 504 | |a Bibliography: leaves 94-100. | ||
| 650 | 0 | |a Gravity |x Mathematical models. | |
| 948 | |a 21/05/2004 |b 21/05/2004 | ||
| 596 | |a 1 | ||
| 999 | |a QC3 NUSP 2003 ZLO |w LC |c 1 |i A511296467 |d 5/9/2006 |f 5/9/2006 |g 1 |l B_KOM4 |m P01UTAMA |r Y |s Y |t TESIS |u 19/7/2005 |o .PUBLIC. BKOM 4 :44465 | ||
